[Event "Rated Blitz game"]
[Site "?"]
[Date "2021.10.29"]
[Round "?"]
[White "Nino-dg"]
[Black "ReinaldoR"]
[Result "1-0"]
[WhiteElo "2467"]
[BlackElo "2552"]
[PlyCount "105"]
[EventDate "2021.??.??"]
[EventType "blitz"]

1. e4 e5 2. Nf3 d5 3. exd5 e4 4. Qe2 Nf6 5. Nc3 Be7 6. Nxe4 Nxd5 7. d3 O-O 8.
Qd1 c5 9. Be2 Nc6 10. O-O h6 11. c3 Bf5 12. a4 Qd7 13. Qb3 Rad8 14. Bd2 Rfe8
15. Rfe1 Qc7 16. Rad1 b6 17. Ng3 Bh7 18. Bf1 Bf8 19. Rxe8 Rxe8 20. Qxd5 Rd8 21.
Qc4 Na5 22. Qb5 Nb7 23. d4 Nd6 24. Qb3 Nb7 25. Be3 Na5 26. Qa2 Bc2 27. Rc1 Bb3
28. Qb1 Bxa4 29. Bd3 Nb3 30. Re1 Bc6 31. Ne5 Ba8 32. Bc4 Bd5 33. Bxd5 Rxd5 34.
Qc2 c4 35. Qe4 Rd8 36. Nf5 g6 37. Nxh6+ Kg7 38. Qh4 Be7 39. Qh3 Rh8 40. Nexf7
Bf6 41. Nxh8 Kxh8 42. Ng4+ Kg7 43. Qh6+ Kf7 44. Qh7+ Bg7 45. Nh6+ Kf8 46. Qg8+
Ke7 47. Bg5+ Kd6 48. Bf4+ Kc6 49. Qxc4+ Nc5 50. Re6+ Kd7 51. Qd5+ Kc8 52. Re8+
Qd8 53. Qc6# {Normal} 1-0

[Event "Rated Blitz game"]
[Site "?"]
[Date "2021.10.29"]
[Round "?"]
[White "Balla_Tamas"]
[Black "khalid_ontawar"]
[Result "1-0"]
[WhiteElo "2505"]
[BlackElo "2490"]
[PlyCount "91"]
[EventDate "2021.??.??"]
[EventType "blitz"]

1. e4 e5 2. Nf3 d5 3. exd5 e4 4. Qe2 Nf6 5. Nc3 Bf5 6. d3 Bb4 7. Bd2 Bxc3 8.
Bxc3 O-O 9. dxe4 Nxe4 10. O-O-O Nxc3 11. bxc3 Qd6 12. Qc4 b5 13. Qb4 Qh6+ 14.
Kb1 a5 15. Qh4 Qg6 16. Bd3 Nd7 17. Qg5 Bxd3 18. Rxd3 Qd6 19. Qg3 Qc5 20. Nd2
Rab8 21. Nb3 Qa3 22. Qxc7 Nb6 23. Qc5 b4 24. cxb4 Na4 25. Qd4 Rxb4 26. Qe5 Re4
27. Qa1 Rfe8 28. Rhd1 Rb4 29. d6 Rd8 30. d7 h6 31. Re1 Rbb8 32. Red1 Qb4 33. a3
Qb7 34. Ka2 Qc7 35. R1d2 Nb6 36. Qc3 a4 37. Qxc7 axb3+ 38. cxb3 Nxd7 39. Rxd7
Rdc8 40. Rd8+ Rxd8 41. Rxd8+ Rxd8 42. Qxd8+ Kh7 43. b4 g5 44. b5 g4 45. b6 g3
46. hxg3 {Normal} 1-0

[Event "Rated Blitz game"]
[Site "?"]
[Date "2021.10.29"]
[Round "?"]
[White "Mrios"]
[Black "MischieviousPawn"]
[Result "1-0"]
[WhiteElo "2577"]
[BlackElo "2540"]
[PlyCount "91"]
[EventDate "2021.??.??"]
[EventType "blitz"]

1. e4 e5 2. Nf3 d5 3. Nc3 dxe4 4. Nxe4 f5 5. Ng3 e4 6. Ng1 Be6 7. d3 Bc5 8. Nh3
Nf6 9. Be2 Nc6 10. c3 exd3 11. Qxd3 Qxd3 12. Bxd3 O-O-O 13. Bc2 Bc4 14. Nxf5
Rhe8+ 15. Ne3 Nd5 16. Bxh7 Nxe3 17. Bxe3 Bxe3 18. fxe3 Rxe3+ 19. Kf2 Re2+ 20.
Kf3 Rxb2 21. Rhe1 Bd5+ 22. Be4 Rf8+ 23. Kg3 Bxa2 24. Bf3 a5 25. Nf4 a4 26. Ne6
Re8 27. Nxg7 Rg8 28. Re8+ Rxe8 29. Nxe8 Na5 30. h4 Nb3 31. Rd1 Rb1 32. Bg4+ Kb8
33. Rd8+ Ka7 34. Nxc7 Kb6 35. Nd5+ Kc5 36. Nb4 Rb2 37. Ra8 b5 38. Nd3+ Kc4 39.
Nxb2+ Kxc3 40. Nxa4+ bxa4 41. Rxa4 Bb1 42. Ra3 Kb4 43. Rxb3+ Kxb3 44. Kf4 Kc4
45. Bf5 Ba2 46. Be6+ {Normal} 1-0

[Event "Rated Blitz tournament 6ogxYbHq"]
[Site "?"]
[Date "2021.10.29"]
[Round "?"]
[White "Aribastian"]
[Black "om_gendut"]
[Result "0-1"]
[WhiteElo "2223"]
[BlackElo "2433"]
[PlyCount "94"]
[EventDate "2021.??.??"]
[EventType "blitz"]

1. e4 e5 2. Nf3 d5 3. Nc3 dxe4 4. Nxe4 Nf6 5. Nxf6+ Qxf6 6. d3 h6 7. Be2 Bd6 8.
c3 O-O 9. Be3 Nc6 10. O-O Bf5 11. Nd2 Qg6 12. Nc4 Rad8 13. Bh5 Qe6 14. Be2 Be7
15. Qd2 Bxd3 16. Bxd3 e4 17. Na3 Rxd3 18. Qe2 Bxa3 19. bxa3 Rfd8 20. Rab1 b6
21. Rfd1 Rxd1+ 22. Rxd1 Rxd1+ 23. Qxd1 Qxa2 24. Qc1 Ne5 25. h3 Nd3 26. Qd1 Qxa3
27. Qg4 Qd6 28. Qxe4 Nc5 29. Qe8+ Qf8 30. Qc6 Ne6 31. f4 Qd6 32. Qe8+ Nf8 33.
Kf2 a5 34. Qa8 Qd7 35. g4 f6 36. Bd4 Kf7 37. Kg3 Ne6 38. Qe4 Nxd4 39. cxd4 a4
40. d5 Qd6 41. Qxa4 Qxd5 42. Qd1 Qxd1 43. g5 Ke7 44. Kg2 Qb3 45. h4 Qc4 46.
gxh6 Kd6 47. hxg7 Qd5+ {Time forfeit} 0-1

[Event "Rated Blitz game"]
[Site "?"]
[Date "2021.10.29"]
[Round "?"]
[White "dratztilb"]
[Black "elrond"]
[Result "0-1"]
[WhiteElo "2236"]
[BlackElo "2411"]
[PlyCount "116"]
[EventDate "2021.??.??"]
[EventType "blitz"]

1. e4 e5 2. Nf3 d5 3. Nxe5 dxe4 4. d4 Bd6 5. Nc4 Nf6 6. Bg5 O-O 7. Be2 Re8 8.
O-O Nc6 9. Nc3 h6 10. Be3 Bf5 11. Nb5 Bf8 12. h3 a6 13. Nc3 Qd7 14. d5 Ne7 15.
Ne5 Qd6 16. Nc4 Qd8 17. d6 Ng6 18. dxc7 Qxc7 19. Nd5 Nxd5 20. Qxd5 Ne5 21. Nxe5
Rxe5 22. Qb3 Rc8 23. Bf4 Bd6 24. Bxe5 Bxe5 25. c4 Be6 26. Qe3 Bxc4 27. Bxc4
Qxc4 28. Rac1 Qe6 29. Rxc8+ Qxc8 30. Qxe4 Bxb2 31. Re1 Qc7 32. Re3 g6 33. Qe7
Qc4 34. Rf3 b5 35. Qe8+ Kg7 36. Qe2 Qxa2 37. Kh2 a5 38. g3 a4 39. Qc2 a3 40.
Rb3 Qa1 41. Rxb5 Bf6 42. Ra5 Bb2 43. Ra7 Qa2 44. Rb7 Qd5 45. Rb3 Qe5 46. Re3
Qf6 47. Kg2 a2 48. Re1 a1=Q 49. Rxa1 Bxa1 50. Qd3 Bd4 51. Qe2 h5 52. Qd2 h4 53.
Qe2 hxg3 54. fxg3 Qc6+ 55. Qf3 Qxf3+ 56. Kxf3 Bf6 57. h4 Be7 58. g4 f5 {
Time forfeit} 0-1

[Event "Rated Blitz game"]
[Site "?"]
[Date "2021.10.29"]
[Round "?"]
[White "Mrios"]
[Black "MischieviousPawn"]
[Result "0-1"]
[WhiteElo "2568"]
[BlackElo "2550"]
[PlyCount "84"]
[EventDate "2021.??.??"]
[EventType "blitz"]

1. e4 e5 2. Nf3 d5 3. Nxe5 Bd6 4. d4 dxe4 5. Nc4 Nf6 6. Nxd6+ Qxd6 7. Be2 Nc6
8. Be3 Nd5 9. Qd2 f5 10. c4 Nf6 11. Nc3 O-O 12. O-O-O a6 13. d5 Ne5 14. Bf4
Nfd7 15. Kb1 Qf6 16. h4 Nc5 17. Qd4 Ncd3 18. Bxe5 Nxe5 19. f3 exf3 20. gxf3 Ng6
21. h5 Qxd4 22. Rxd4 Ne7 23. Rg1 Bd7 24. c5 Rf6 25. f4 Re8 26. Bc4 Kh8 27. Rd2
g6 28. Rdg2 Kg7 29. Kc2 Bb5 30. Bxb5 axb5 31. a3 Rd8 32. Rd2 Rf7 33. Rgd1 c6
34. d6 Ng8 35. hxg6 hxg6 36. Rg2 Nf6 37. Rdg1 Ng4 38. Ne4 Ne3+ 39. Kc3 Nxg2 40.
Ng5 Nxf4 41. Rf1 Nd5+ 42. Kd4 Rf6 {Normal} 0-1

[Event "Rated Blitz game"]
[Site "?"]
[Date "2021.10.29"]
[Round "?"]
[White "dab-dab"]
[Black "khalid_ontawar"]
[Result "1-0"]
[WhiteElo "2437"]
[BlackElo "2485"]
[PlyCount "125"]
[EventDate "2021.??.??"]
[EventType "blitz"]

1. e4 e5 2. Nf3 d5 3. Nxe5 Qe7 4. d4 f6 5. Qh5+ g6 6. Nxg6 Qxe4+ 7. Be3 Qxg6 8.
Qf3 Ne7 9. Bd3 Qg4 10. Qxf6 Bg7 11. Qg5 Qxg5 12. Bxg5 Nbc6 13. c3 Bf5 14. Bxf5
Nxf5 15. Na3 O-O 16. O-O h6 17. Bf4 Nfxd4 18. Bxc7 Ne2+ 19. Kh1 Rac8 20. Bd6
Rf6 21. Bc5 b6 22. Be3 Rf5 23. g3 d4 24. cxd4 Nexd4 25. Rac1 Rff8 26. Nc4 Nf3
27. Nd6 Rc7 28. Nb5 Rcc8 29. Nd6 Rc7 30. Nb5 Rcc8 31. Nd6 Ne7 32. Nxc8 Rxc8 33.
Rxc8+ Nxc8 34. Kg2 Ng5 35. Rc1 Nd6 36. Rc7 Nb5 37. Rc8+ Kf7 38. a4 Nd6 39. Rc7+
Kg6 40. Rxa7 Nc4 41. b3 Nxe3+ 42. fxe3 Bf8 43. Rb7 Bc5 44. b4 Bxe3 45. a5 bxa5
46. bxa5 h5 47. a6 h4 48. gxh4 Nf7 49. a7 Bxa7 50. Rxa7 Ne5 51. Kg3 Kf5 52. Ra5
Kf6 53. h5 Nf7 54. Kf4 Nh6 55. Ra6+ Kg7 56. Rg6+ Kh7 57. Rb6 Nf7 58. Kf5 Nh6+
59. Kf6 Ng4+ 60. Kg5 Nxh2 61. Rb7+ Kh8 62. Kg6 Ng4 63. Rb8# {Normal} 1-0

[Event "Rated Blitz game"]
[Site "?"]
[Date "2021.10.29"]
[Round "?"]
[White "Yvette1980"]
[Black "artsportscience"]
[Result "0-1"]
[WhiteElo "2413"]
[BlackElo "2363"]
[PlyCount "82"]
[EventDate "2021.??.??"]
[EventType "blitz"]

1. e4 e5 2. Nf3 d5 3. d4 dxe4 4. Nxe5 Bd6 5. Bc4 Bxe5 6. dxe5 Qxd1+ 7. Kxd1 Nc6
8. Bb5 Nge7 9. Nc3 Bf5 10. Bf4 O-O-O+ 11. Ke1 Nd4 12. Ba4 Ng6 13. Bg3 c6 14.
Bb3 Nxb3 15. axb3 a6 16. Ke2 Rhe8 17. Rhd1 Rxd1 18. Rxd1 Nxe5 19. Bxe5 Rxe5 20.
Ke3 Bg6 21. Rd4 f5 22. h4 Kc7 23. b4 Bf7 24. Ne2 g6 25. Kf4 Rd5 26. c3 Rxd4 27.
Nxd4 Kd6 28. Kg5 h5 29. Kf6 Be8 30. Ne6 b6 31. Nf4 c5 32. bxc5+ Kxc5 33. b3 b5
34. Nxg6 Bxg6 35. Kxg6 a5 36. Kxh5 a4 37. bxa4 bxa4 38. Kg6 a3 39. h5 a2 40. h6
a1=Q 41. h7 Qxc3 {Normal} 0-1

[Event "Rated Blitz game"]
[Site "?"]
[Date "2021.10.29"]
[Round "?"]
[White "King_bg03"]
[Black "MischieviousPawn"]
[Result "1-0"]
[WhiteElo "2563"]
[BlackElo "2550"]
[PlyCount "21"]
[EventDate "2021.??.??"]
[EventType "blitz"]

1. e4 e5 2. Nf3 d5 3. exd5 e4 4. Qe2 Nf6 5. d3 Qxd5 6. Nbd2 Qa5 7. dxe4 Nc6 8.
Qb5 Bb4 9. c3 Bd6 10. Qxa5 Nxa5 11. e5 {Normal} 1-0

[Event "Rated Blitz game"]
[Site "?"]
[Date "2021.10.29"]
[Round "?"]
[White "RussianGrossKiller"]
[Black "Benny_Watts_2005"]
[Result "1-0"]
[WhiteElo "2477"]
[BlackElo "2427"]
[PlyCount "109"]
[EventDate "2021.??.??"]
[EventType "blitz"]

1. e4 e5 2. Nf3 d5 3. exd5 e4 4. Qe2 Nf6 5. d3 Qxd5 6. Nbd2 Nc6 7. Nxe4 Be6 8.
Nxf6+ gxf6 9. Be3 O-O-O 10. g3 Bd6 11. Bg2 Rhe8 12. O-O Bg4 13. h3 Bf5 14. Nh4
Qe6 15. Nxf5 Qxf5 16. Qf3 Qb5 17. b3 Kb8 18. a4 Qb4 19. Qxf6 Be5 20. Qxf7 Bxa1
21. Rxa1 Qc3 22. Rc1 Ne5 23. Qxh7 Nd7 24. Bg5 Qb2 25. Rf1 Nf8 26. Qf7 Rc8 27.
Be4 Ne6 28. Be3 Qxc2 29. Bf5 Qxb3 30. a5 a6 31. d4 Qd5 32. Rb1 Rcd8 33. Rb4
Qxa5 34. Rb1 Qd5 35. Bxe6 Qxe6 36. Qxe6 Rxe6 37. h4 a5 38. h5 a4 39. h6 Rh8 40.
Rb4 Ra6 41. Rb2 c6 42. g4 b5 43. g5 a3 44. Ra2 b4 45. g6 Ra7 46. g7 Rg8 47. Kf1
b3 48. Rxa3 Rxa3 49. h7 Rxg7 50. h8=Q+ Kb7 51. Qxg7+ Kb6 52. Qf7 b2 53. d5+ Kb5
54. Qb7+ Ka4 55. Qxb2 {Time forfeit} 1-0

[Event "Rated Blitz game"]
[Site "?"]
[Date "2021.10.28"]
[Round "?"]
[White "lugoking"]
[Black "mirekkk14"]
[Result "1-0"]
[WhiteElo "2438"]
[BlackElo "2416"]
[PlyCount "25"]
[EventDate "2021.??.??"]
[EventType "blitz"]

1. e4 e5 2. Nf3 d5 3. Nxe5 Bd6 4. d4 Bxe5 5. dxe5 dxe4 6. Qxd8+ Kxd8 7. Nc3 Nc6
8. Bg5+ Nge7 9. O-O-O+ Bd7 10. Nxe4 Nxe5 11. Nc5 b6 12. Nxd7 Nxd7 13. Bb5 {
Normal} 1-0

[Event "Rated Blitz tournament BFugvv2R"]
[Site "?"]
[Date "2021.10.28"]
[Round "?"]
[White "PejuangBKD"]
[Black "Rikoboy"]
[Result "1-0"]
[WhiteElo "2431"]
[BlackElo "2381"]
[PlyCount "117"]
[EventDate "2021.??.??"]
[EventType "blitz"]

1. e4 e5 2. Nf3 d5 3. Nxe5 Bd6 4. d4 dxe4 5. Bc4 Bxe5 6. dxe5 Qxd1+ 7. Kxd1 Nc6
8. Nc3 Bf5 9. Bf4 Nge7 10. Ke2 Ng6 11. Bg3 Ngxe5 12. Bb5 O-O-O 13. Rad1 f6 14.
Bxc6 Bg4+ 15. f3 exf3+ 16. Bxf3 Nxf3 17. gxf3 Rhe8+ 18. Kf2 Bf5 19. Nd5 c6 20.
Ne3 Bg6 21. c3 b5 22. Rxd8+ Rxd8 23. Rd1 Re8 24. f4 Bf7 25. Nf5 Rd8 26. Nd6+
Kc7 27. f5 Bd5 28. Nf7+ Kd7 29. Nxd8 Kxd8 30. Rxd5+ cxd5 31. Ke3 Kd7 32. Kd4
Kc6 33. b4 a6 34. h4 g6 35. Bf4 gxf5 36. a3 Kb6 37. Kxd5 a5 38. Ke6 a4 39. Kxf6
Kc6 40. Ke5 h5 41. Bc1 Kd7 42. Kxf5 Kd6 43. Kg5 Kd5 44. Kxh5 Kc4 45. Kg6 Kxc3
46. h5 Kc2 47. h6 Kxc1 48. h7 Kb2 49. h8=Q+ Kxa3 50. Qc3+ Ka2 51. Kf5 a3 52.
Ke4 Kb1 53. Qxa3 Kc2 54. Ke3 Kb1 55. Qb3+ Ka1 56. Qc3+ Ka2 57. Kd3 Kb1 58. Qd2
Ka1 59. Kc3 {Time forfeit} 1-0

[Event "Rated Blitz game"]
[Site "?"]
[Date "2021.10.28"]
[Round "?"]
[White "Nobita2009"]
[Black "Annali-annaliew1979"]
[Result "0-1"]
[WhiteElo "2491"]
[BlackElo "2470"]
[PlyCount "130"]
[EventDate "2021.??.??"]
[EventType "blitz"]

1. e4 e5 2. Nf3 d5 3. exd5 e4 4. Ne5 Bd6 5. d4 Nf6 6. Nc3 h6 7. Nc4 O-O 8. Nxd6
cxd6 9. Be3 a6 10. Be2 Bf5 11. O-O Nbd7 12. Qd2 Rc8 13. Bf4 Qb6 14. Na4 Qc7 15.
c4 b5 16. cxb5 axb5 17. Bxb5 Nxd5 18. Bg3 N7f6 19. Rac1 Qe7 20. Bc6 Qa7 21. Nc3
Nxc3 22. Rxc3 d5 23. a3 Qb6 24. Rfc1 e3 25. Qxe3 Ne4 26. Bxd5 Nxc3 27. bxc3 Qb2
28. c4 Rfd8 29. Re1 Re8 30. Qxe8+ Rxe8 31. Rxe8+ Kh7 32. h3 Qxd4 33. Bxf7 Qa1+
34. Kh2 Qxa3 35. Bd5 Qc5 36. Rb8 h5 37. Rb7 Qd4 38. Rf7 Bg6 39. Rf4 Qd2 40. h4
Qd3 41. Rf8 Qe2 42. Bg8+ Kh8 43. Bf7+ Kh7 44. Bg8+ Kh8 45. Bd5+ Kh7 46. Bf4 Bd3
47. Bg3 Bxc4 48. Bf3 Qe7 49. Rf4 Bf7 50. Re4 Qd8 51. Re5 g6 52. Rg5 Kg7 53.
Be5+ Kh6 54. Bf4 Kh7 55. Bg3 Qd4 56. Re5 Kg8 57. Re7 Qf6 58. Rc7 Be6 59. Bd5
Bxd5 60. Rc8+ Kh7 61. Be5 Qxe5+ 62. g3 Qf5 63. Rc7+ Kh6 64. g4 Qxf2+ 65. Kh3
Qg2# {Normal} 0-1

[Event "Rated Blitz game"]
[Site "?"]
[Date "2021.10.28"]
[Round "?"]
[White "marantz3"]
[Black "KamranShirazi"]
[Result "0-1"]
[WhiteElo "2461"]
[BlackElo "2493"]
[PlyCount "32"]
[EventDate "2021.??.??"]
[EventType "blitz"]

1. e4 e5 2. Nf3 d5 3. exd5 e4 4. Qe2 Nf6 5. d3 Bb4+ 6. Nfd2 O-O 7. dxe4 Nxe4 8.
c3 Nxd2 9. Qxd2 Bc5 10. Be2 Nd7 11. O-O Nf6 12. Bf3 Re8 13. c4 Bg4 14. Bxg4
Nxg4 15. h3 Nxf2 16. Rxf2 Qh4 {Normal} 0-1

[Event "Rated Blitz game"]
[Site "?"]
[Date "2021.10.28"]
[Round "?"]
[White "Tim1991"]
[Black "RCompany_1"]
[Result "0-1"]
[WhiteElo "2513"]
[BlackElo "2395"]
[PlyCount "128"]
[EventDate "2021.??.??"]
[EventType "blitz"]

1. e4 e5 2. Nf3 d5 3. exd5 e4 4. Qe2 Nf6 5. d3 Qxd5 6. Nbd2 Nc6 7. Nxe4 Be6 8.
Nxf6+ gxf6 9. Bd2 O-O-O 10. Qe4 Qd7 11. a3 f5 12. Qa4 Bg7 13. O-O-O Kb8 14. Bf4
Qd5 15. c4 Qc5 16. Be3 Nd4 17. Nxd4 Bxd4 18. Bxd4 Qxd4 19. Qc2 f4 20. Be2 Qxf2
21. Bf3 Qc5 22. Qc3 Rd4 23. b4 Qd6 24. c5 Qd8 25. Rhe1 c6 26. Re4 Rxe4 27. dxe4
Qe8 28. Qe5+ Ka8 29. Qxf4 Rg8 30. Kb2 Qf8 31. Qc7 a6 32. e5 Qc8 33. Qxc8+ Rxc8
34. Rd4 Rg8 35. Rh4 Rg7 36. Kc3 Bf5 37. g3 Bg6 38. Rd4 Rg8 39. Rd7 Re8 40. Kd4
Kb8 41. a4 Kc8 42. Rd6 Kc7 43. b5 axb5 44. axb5 cxb5 45. Rb6 Rd8+ 46. Rd6 b4
47. Rxd8 Kxd8 48. Kc4 Ke7 49. Bxb7 Ke6 50. c6 Kxe5 51. c7 Bf5 52. c8=Q Bxc8 53.
Bxc8 Ke4 54. g4 Kf4 55. h4 h6 56. h5 Kg5 57. Bf5 f6 58. Kxb4 Kf4 59. Kc5 Ke5
60. Kc6 Kf4 61. Kd6 Kg5 62. Ke7 Kf4 63. Kxf6 Kg3 64. Kg6 Kh4 {Time forfeit} 0-1

[Event "Rated Blitz game"]
[Site "?"]
[Date "2021.10.28"]
[Round "?"]
[White "VENADORECARGADO"]
[Black "lavilaine"]
[Result "0-1"]
[WhiteElo "2363"]
[BlackElo "2450"]
[PlyCount "84"]
[EventDate "2021.??.??"]
[EventType "blitz"]

1. e4 e5 2. Nf3 d5 3. Nxe5 Qe7 4. d4 f6 5. Nf3 dxe4 6. Nfd2 f5 7. Nc4 Nf6 8.
Be2 Nc6 9. O-O Be6 10. Ne3 O-O-O 11. c3 f4 12. Nc2 g5 13. Re1 Bd7 14. b4 h5 15.
b5 h4 16. bxc6 Bxc6 17. c4 h3 18. g3 fxg3 19. fxg3 e3 20. Bg4+ Nxg4 21. Qxg4+
Bd7 22. Qf3 Bg7 23. Bxe3 Rhf8 24. Qe2 Qe4 25. Nc3 Qc6 26. Nb5 Kb8 27. d5 Qf6
28. Bxa7+ Kc8 29. Bd4 Bxb5 30. Bxf6 Bxf6 31. cxb5 Rxd5 32. Ne3 Bd4 33. Rad1 Re8
34. Rxd4 Rxd4 35. Qf3 Rde4 36. Kf2 g4 37. Qf5+ Kb8 38. Nc2 Rxe1 39. Nxe1 Rd8
40. Qxg4 Rd2+ 41. Kf1 Rxh2 42. Qxh3 Rxh3 {Time forfeit} 0-1

[Event "Rated Blitz game"]
[Site "?"]
[Date "2021.10.28"]
[Round "?"]
[White "SMC_and_CSM"]
[Black "alaeldin1212"]
[Result "1-0"]
[WhiteElo "2411"]
[BlackElo "2391"]
[PlyCount "125"]
[EventDate "2021.??.??"]
[EventType "blitz"]

1. e4 e5 2. Nf3 d5 3. exd5 e4 4. Qe2 Nf6 5. d3 Qxd5 6. Nc3 Bb4 7. Bd2 Bxc3 8.
Bxc3 O-O 9. dxe4 Nxe4 10. Qd3 Nxc3 11. Qxc3 Re8+ 12. Be2 Nc6 13. Qd2 Qxd2+ 14.
Kxd2 Bg4 15. Rae1 Rad8+ 16. Kc1 Nb4 17. a3 Nd5 18. h3 Bh5 19. g4 Bg6 20. Nd2
Nf4 21. Bf3 c6 22. h4 h5 23. g5 Ne6 24. Nb3 a5 25. Nxa5 Nd4 26. Bd1 b6 27. Nb3
Nf5 28. Rxe8+ Rxe8 29. Bf3 c5 30. Nd2 Nd4 31. Bd1 b5 32. Nf3 Ne2+ 33. Kd2 Nf4
34. Re1 Rd8+ 35. Kc1 b4 36. axb4 cxb4 37. b3 Rc8 38. Kb2 Nd5 39. Ne5 Nf4 40.
Nxg6 fxg6 41. Re4 Rf8 42. Rxb4 Ng2 43. Be2 Rxf2 44. Bc4+ Kh7 45. Bd5 Ne3 46.
Be4 Re2 47. Rd4 Rh2 48. Bd3 Nd1+ 49. Ka3 Nf2 50. b4 Ng4 51. b5 Ne5 52. b6 Rh1
53. Rb4 Ra1+ 54. Kb2 Ra8 55. b7 Rb8 56. Be4 Nd7 57. Kc3 Nc5 58. Bd5 Na6 59. Rb6
Nc7 60. Kc4 Ne8 61. Kc5 Nc7 62. Kc6 Nxd5 63. Kxd5 {Time forfeit} 1-0

[Event "Rated Blitz tournament e8F3wNP4"]
[Site "?"]
[Date "2021.10.28"]
[Round "?"]
[White "jacobomelendez"]
[Black "Madjrs72"]
[Result "1/2-1/2"]
[WhiteElo "2336"]
[BlackElo "2455"]
[PlyCount "115"]
[EventDate "2021.??.??"]
[EventType "blitz"]

1. e4 e5 2. Nf3 d5 3. Nxe5 Bd6 4. d4 dxe4 5. Nc4 Nf6 6. Be2 Nc6 7. c3 O-O 8.
O-O h6 9. Nxd6 Qxd6 10. Nd2 Bf5 11. Nc4 Qe7 12. Ne3 Bg6 13. b3 Rfd8 14. Bb2 Nd5
15. Nxd5 Rxd5 16. Qd2 Re8 17. Qe3 Rdd8 18. Rad1 Qg5 19. a3 f5 20. Qxg5 hxg5 21.
b4 f4 22. Bb5 a6 23. Ba4 b5 24. Bb3+ Bf7 25. Bc2 Bd5 26. Rfe1 Nb8 27. Bc1 Rd7
28. g3 Rf7 29. Rd2 Nd7 30. Rde2 f3 31. Rd2 g4 32. Rdd1 Nf6 33. Be3 Bc4 34. a4
Be2 35. Ra1 Nd5 36. axb5 axb5 37. Bb3 Bc4 38. Bxc4 bxc4 39. Bd2 c6 40. Ra6 Re6
41. Ra3 Rfe7 42. Ra6 e3 43. fxe3 Nxe3 44. Bxe3 Rxe3 45. Rxe3 Rxe3 46. Rxc6 Rxc3
47. b5 Rc1+ 48. Kf2 Rc2+ 49. Kg1 Rg2+ 50. Kh1 Rb2 51. Kg1 Rxb5 52. Rxc4 Rb1+
53. Kf2 Rh1 54. d5 Rxh2+ 55. Kf1 Rd2 56. Rxg4 Rxd5 57. Rf4 Rd3 58. Kf2 {Normal}
1/2-1/2

[Event "Rated Blitz tournament zxmYfnfR"]
[Site "?"]
[Date "2021.10.28"]
[Round "?"]
[White "Arandano22"]
[Black "Caligula666"]
[Result "0-1"]
[WhiteElo "2299"]
[BlackElo "2400"]
[PlyCount "84"]
[EventDate "2021.??.??"]
[EventType "blitz"]

1. e4 e5 2. Nf3 d5 3. exd5 e4 4. Ng1 Qxd5 5. Nc3 Qe5 6. Qe2 Nf6 7. d3 Bb4 8.
Bd2 O-O 9. Nxe4 Qxb2 10. Rc1 Bxd2+ 11. Qxd2 Re8 12. Be2 Nxe4 13. dxe4 Nc6 14.
f3 f5 15. Bc4+ Kh8 16. Ne2 fxe4 17. fxe4 Bg4 18. O-O Rad8 19. Qc3 Qb6+ 20. Kh1
Ne5 21. Nf4 Qc5 22. h3 Bc8 23. Qg3 Qxc4 24. Nd5 c6 25. Nc7 Re7 26. Qg5 Ng6 27.
Rcd1 Rg8 28. Rf4 Rxc7 29. Qxg6 Qe6 30. Qg3 Rf7 31. Rh4 Rgf8 32. Re1 h6 33. Rd1
Bd7 34. e5 Rf1+ 35. Rxf1 Rxf1+ 36. Kh2 Rf5 37. Rd4 Be8 38. Rd8 Kh7 39. Qd3
Qxe5+ 40. Kh1 Bg6 41. Rd6 Rf6 42. Qd2 Rxd6 {Normal} 0-1

[Event "Rated Blitz game"]
[Site "?"]
[Date "2021.10.28"]
[Round "?"]
[White "Genius_Geet_Dabhi"]
[Black "King_bg03"]
[Result "0-1"]
[WhiteElo "2415"]
[BlackElo "2563"]
[PlyCount "129"]
[EventDate "2021.??.??"]
[EventType "blitz"]

1. e4 e5 2. Nf3 d5 3. d3 dxe4 4. dxe4 Qxd1+ 5. Kxd1 Nc6 6. Bd3 Bg4 7. Nbd2
O-O-O 8. h3 Bh5 9. g4 Bg6 10. Ke2 h5 11. g5 Nb4 12. a3 Nxd3 13. cxd3 h4 14. b4
f5 15. Bb2 fxe4 16. Nxe4 Bd6 17. Bxe5 Bxe5 18. Nxe5 Bh5+ 19. f3 Ne7 20. Rhg1
Nf5 21. Ng4 Nd4+ 22. Ke3 Nc2+ 23. Kd2 Nxa1 24. Rxa1 Bxg4 25. fxg4 Rhf8 26. Ke3
Rf7 27. Rc1 b6 28. Rc6 Kb7 29. Rg6 Rdf8 30. Kd4 Rd8+ 31. Ke3 Rfd7 32. d4 Rxd4
33. Rxg7 Rd3+ 34. Kf4 Rxh3 35. g6 Rxa3 36. Rh7 Ra4 37. g7 Rxb4 38. Rh8 Rbd4 39.
Kf5 R4d7 40. g8=Q Rxg8 41. Rxg8 Rh7 42. Ng5 h3 43. Nxh3 Rxh3 44. g5 a5 45. g6
Rg3 46. Kf4 Rg1 47. Rh8 Rxg6 48. Rh1 Rc6 49. Ke4 Rc5 50. Kd4 Ka6 51. Rh8 a4 52.
Ra8+ Kb5 53. Rc8 Kb4 54. Ra8 b5 55. Rh8 Rc4+ 56. Kd5 c5 57. Rb8 a3 58. Kc6 a2
59. Rxb5+ Ka3 60. Ra5+ Kb2 61. Kd5 Rb4 62. Rb5 Rxb5 63. Kc4 Rb3 64. Kxc5 a1=Q
65. Kd4 {Normal} 0-1

[Event "Rated Blitz game"]
[Site "?"]
[Date "2021.10.28"]
[Round "?"]
[White "Hartz4-Entertainment"]
[Black "pressschwarza"]
[Result "0-1"]
[WhiteElo "2423"]
[BlackElo "2556"]
[PlyCount "28"]
[EventDate "2021.??.??"]
[EventType "blitz"]

1. e4 e5 2. Nf3 d5 3. Nxe5 Bd6 4. Ng4 dxe4 5. Ne3 Nf6 6. b3 Be5 7. Nc3 O-O 8.
Bb2 Re8 9. Bc4 c6 10. O-O Qd6 11. h3 Rd8 12. d3 b5 13. Bxb5 Bxc3 14. Bxc3 cxb5
{Normal} 0-1

[Event "Rated Blitz tournament 8rnXr5d5"]
[Site "?"]
[Date "2021.10.28"]
[Round "?"]
[White "Ute-Manfred"]
[Black "cometomom"]
[Result "1-0"]
[WhiteElo "2663"]
[BlackElo "2388"]
[PlyCount "129"]
[EventDate "2021.??.??"]
[EventType "blitz"]

1. e4 e5 2. Nf3 d5 3. exd5 Bd6 4. Bc4 e4 5. Qe2 Nf6 6. d3 O-O 7. dxe4 Nxe4 8.
O-O Re8 9. Be3 Bg4 10. h3 Bh5 11. Rd1 Nd7 12. Bb5 a6 13. Bxd7 Qxd7 14. Nbd2
Nxd2 15. Rxd2 f5 16. Qd1 f4 17. Bd4 Qf5 18. c4 Re4 19. c5 Bf8 20. c6 bxc6 21.
dxc6 Rae8 22. Qb3+ Bf7 23. Qb7 Bd6 24. Rad1 g5 25. Bc3 g4 26. hxg4 Qxg4 27.
Rxd6 cxd6 28. c7 Qc8 29. Qc6 R4e7 30. Qxd6 Rxc7 31. Qf6 Rxc3 32. bxc3 Qe6 33.
Qxf4 Qxa2 34. Rd7 Qe6 35. Rd6 Qe4 36. Qxf7+ Kxf7 37. Ng5+ Kg7 38. Nxe4 Rxe4 39.
Rxa6 Rc4 40. Ra3 Kf6 41. Kf1 Ke5 42. Ke2 Ke4 43. g3 Kd5 44. Kd3 Rc8 45. Ra5+
Ke6 46. Rh5 Rc7 47. g4 Kf6 48. f4 Kg6 49. c4 h6 50. Rd5 Rf7 51. Ke4 Re7+ 52.
Kf3 Re1 53. Rd6+ Kg7 54. c5 Rc1 55. c6 Rc4 56. f5 h5 57. gxh5 Kf7 58. h6 Rh4
59. c7 Rc4 60. h7 Kg7 61. h8=Q+ Kxh8 62. Rd8+ Kg7 63. c8=Q Rxc8 64. Rxc8 Kf6
65. Kf4 {Normal} 1-0

[Event "Rated Blitz game"]
[Site "?"]
[Date "2021.10.28"]
[Round "?"]
[White "suriyeli31"]
[Black "Sdjordje12345_s"]
[Result "1-0"]
[WhiteElo "2492"]
[BlackElo "2344"]
[PlyCount "115"]
[EventDate "2021.??.??"]
[EventType "blitz"]

1. e4 e5 2. Nf3 d5 3. d4 dxe4 4. Nxe5 Nd7 5. Nxd7 Bxd7 6. Bc4 Bd6 7. O-O Nf6 8.
h3 Qe7 9. Nc3 O-O-O 10. Be3 h5 11. b4 Ng4 12. hxg4 hxg4 13. g3 f5 14. Re1 g5
15. Nd5 Rh1+ 16. Kxh1 Qh7+ 17. Kg1 Rh8 18. Kf1 f4 19. Ke2 fxe3 20. Rh1 Qg7 21.
Rxh8+ Qxh8 22. Nxe3 Qf8 23. Qh1 Bc6 24. d5 Qf3+ 25. Qxf3 gxf3+ 26. Kd2 Bd7 27.
c3 b5 28. Bb3 a5 29. a3 a4 30. Bc2 c5 31. Bxe4 g4 32. Bf5 Kc7 33. Bxd7 Kxd7 34.
Rh1 cxb4 35. cxb4 Be5 36. Rh7+ Kd6 37. Rh6+ Kd7 38. Nxg4 Bb2 39. Ne3 Bxa3 40.
Kc3 Bc1 41. Ra6 a3 42. Nc2 Bb2+ 43. Kb3 Kc7 44. Nxa3 Bd4 45. Rc6+ Kd7 46. Rc2
Kd6 47. Nxb5+ Kxd5 48. Nxd4 Kxd4 49. b5 Kd3 50. b6 Kd4 51. b7 Kd3 52. b8=Q Kd4
53. Qd6+ Ke4 54. Rc4+ Kf5 55. Qd5+ Kg6 56. Rc6+ Kh7 57. Qd7+ Kg8 58. Rc8# {
Normal} 1-0

[Event "Rated Blitz game"]
[Site "?"]
[Date "2021.10.28"]
[Round "?"]
[White "DesertWolfTempo"]
[Black "mirekkk14"]
[Result "0-1"]
[WhiteElo "2451"]
[BlackElo "2411"]
[PlyCount "44"]
[EventDate "2021.??.??"]
[EventType "blitz"]

1. e4 e5 2. Nf3 d5 3. Nc3 dxe4 4. Nxe4 Nf6 5. Nxf6+ Qxf6 6. Bc4 Bg4 7. h3 Bxf3
8. Qxf3 Qxf3 9. gxf3 f6 10. d3 Bd6 11. Be3 Nc6 12. Rg1 g6 13. Bb5 Kd7 14. O-O-O
a6 15. Ba4 b5 16. Bb3 Nd4 17. f4 Ne2+ 18. Kd2 Nxg1 19. Rxg1 exf4 20. Bd4 Rhf8
21. c4 c5 22. Bc3 b4 {Normal} 0-1

[Event "Rated Blitz game"]
[Site "?"]
[Date "2021.10.28"]
[Round "?"]
[White "ArieWerksma"]
[Black "DOOGE228"]
[Result "0-1"]
[WhiteElo "2467"]
[BlackElo "2458"]
[PlyCount "26"]
[EventDate "2021.??.??"]
[EventType "blitz"]

1. e4 e5 2. Nf3 d5 3. exd5 e4 4. Ne5 Qxd5 5. d4 exd3 6. Nxd3 Nf6 7. Be2 Bd6 8.
O-O O-O 9. Nc3 Qf5 10. Bf3 Nc6 11. Re1 Nd4 12. Be4 Qh5 13. Qxh5 Nxh5 {Normal}
0-1